| 000 | 00000nam##2200000za#4500 |
| 001 | 9.572294 |
| 003 | CaOODSP |
| 005 | 20210624183140 |
| 007 | cr ||||||||||| |
| 008 | 150406|2001||||xxc|||||o f|0| 0 eng|d |
| 040 | |aCaOODSP|beng |
| 043 | |an-cn--- |
| 086 | 1 |aNH18-22/101-102E-PDF |
| 110 | 2 |aCanada Mortgage and Housing Corporation. |
| 245 | 10|a"Plex" housing : |h[electronic resource]|ba renewed tradition |
| 260 | |aOttawa - Ontario : |bCanada Mortgage and Housing Corporation |c[2001]. |
| 300 | |a4p.|bfigs. |
| 490 | 1 |aResearch highlight. Technical series|v01-102 |
| 590 | |a11-29-Supp|b2011-11-25 |
| 690 | 07|aHousing|2gcpds |
| 690 | 07|aLifestyle|2gcpds |
| 775 | 08|tLes plex : |w(CaOODSP)9.602672 |
| 776 | 0#|t"Plex" housing: a renewed tradition |w(CaOODSP)9.615745 |
| 830 | #0|aResearch highlight. Technical series ;|v01-102|w(CaOODSP)9.504482 |
| 856 | 40|ahttp://publications.gc.ca|qPDF|s175 KB|uhttps://publications.gc.ca/collections/Collection/NH18-22-101-102E.pdf|y01-102 |